[Event "67th Warsaw-ch A 2018"]
[Site "Warsaw"]
[Date "2018.11.14"]
[Round "3.3"]
[White "Sliwerski, Radoslaw"]
[Black "Jakubowski, Krzysztof"]
[Result "1/2-1/2"]
[WhiteElo "1999"]
[BlackElo "2510"]
[Annotator "TA"]
[PlyCount "140"]
[EventDate "2018.11.12"]
[EventCountry "POL"]
[SourceTitle "playchess.com"]
[Source "ChessBase"]
[SourceQuality "1"]

{[%evp 13,140,29,27,-15,-14,-20,-11,-12,-14,-19,-20,-29,-10,-22,0,0,0,0,0,0,-4,-7,0,-5,0,0,54,0,0,0,0,0,0,0,0,-28,13,11,25,0,0,0,0,0,0,0,0,0,0,0,0,0,0,0,0,0,0,0,0,0,0,0,0,0,0,0,7,0,0,0,58,0,8,-182,-171,-183,-175,-169,-164,-142,-142,-204,-204,-202,-52,-48,0,-160,0,-47,-34,-35,-36,-34,0,-33,0,-29,0,0,0,-22,0,0,0,0,0,0,0,0,0,0,0,0,0,0,0,0,0,0,0,0,0,0,0,0,0,0,0]} 1. d4 c5 2. c3 e6 3. Nf3 Nf6 4. g3 b5 5. Bg2 Bb7 6. O-O d5 7. a4 {A46: 1 d4 Nf6 2 Nf3 e6: Torre, London and Colle Systems} (7. dxc5 Bxc5 8. b4 Bb6 9. a4 bxa4 10. Qxa4+ Nbd7 11. Ne5 O-O 12. Nc6 Bxc6 13. Qxc6 Ne5 14. Qb5 Rb8 {0-1 (37) Laznicka,V (2676)-Khismatullin,D (2651) Poikovsky 2015}) 7... b4 {LiveBook: 33 Games} 8. dxc5 Bxc5 9. Ne5 $146 ({Predecessor:} 9. cxb4 Bxb4 10. Qb3 a5 11. Nc3 Nbd7 12. Bf4 O-O 13. Rac1 Ba6 14. Qd1 Rc8 {0-1 (54) Kamalidenova,M (1897)-Gogolev,A (2427) St Petersburg 2017}) 9... Nc6 10. Nxc6 Bxc6 11. cxb4 Bxb4 12. Bd2 Rb8 13. Qc2 {[#] Strongly threatening Bxb4.} Ba8 14. Bxb4 Rxb4 15. Qc5 a5 16. Rc1 Nd7 17. Qd6 Rb6 18. Qa3 Qb8 19. Nd2 Rb4 (19... Rxb2 $11 20. Qc3 O-O) 20. Rc3 (20. Qc3 $14) 20... O-O $11 ({Avoid the trap} 20... Rxb2 $2 21. Rac1 $18) 21. Rb3 Rxb3 22. Nxb3 Qb6 23. Rc1 h6 24. Nc5 Nf6 25. Nd3 Bb7 26. b4 (26. Qc5 {is interesting.} Qa6 27. Qd4 Qd6 28. Rc5 Ra8 29. b4) 26... axb4 27. Qxb4 Qxb4 28. Nxb4 Ra8 29. Rc7 Ba6 30. Rc2 Kf8 31. e3 g5 32. a5 Bb5 33. Ra2 Ke7 34. Bf1 Bxf1 35. Kxf1 {[%mdl 4096] Endgame KRN-KRN} Ng4 36. h4 gxh4 37. gxh4 Ne5 38. Ke2 Kd6 39. a6 Ra7 40. f4 Nc4 41. Kf3 f6 (41... Kc5 $11 42. Nd3+ Kb6) 42. Rg2 (42. Nc2 $1 $14) 42... e5 {[%cal Be6e5,Be5e4][%mdl 32]} 43. Rg6 $2 (43. Ra2 $11) 43... e4+ $19 44. Ke2 Kc5 45. Nc2 Rxa6 46. Rxh6 {[#]} Rb6 $1 47. Rh8 (47. Rg6 $17) 47... Rb2 48. Kd1 Rb1+ $2 (48... Rb3 $19 49. Rc8+ Kd6) 49. Ke2 $15 Rb2 (49... Rb3 $15) 50. Kd1 $17 Rb1+ ({Better is} 50... Rb3 $17 51. Rc8+ Kd6) 51. Ke2 $15 Rh1 52. h5 $1 Rh2+ 53. Kd1 Rh1+ 54. Ke2 $1 Rh2+ 55. Kd1 Nb2+ 56. Kc1 {The position is equal.} Nd3+ 57. Kb1 Kc4 {Hoping for ...Kc3.} 58. Rc8+ Nc5 59. Na3+ Kb4 60. Nc2+ Kc4 61. Na3+ Kd3 {aiming for ...Na4.} 62. Rxc5 {Black must now prevent Nc2.} Kxe3 63. Rxd5 Kxf4 $11 {KRN-KR} 64. Nc4 f5 65. Kc1 Rxh5 66. Nd6 e3 67. Rxf5+ Rxf5 68. Nxf5 e2 (68... Kxf5 $5 69. Kd1 $8 Kg6 $11) 69. Kd2 Kxf5 70. Kxe2 Ke5 {Accuracy: White = 65%, Black = 52%.} 1/2-1/2

[Event "67th Warsaw-ch A 2018"]
[Site "Warsaw"]
[Date "2018.11.14"]
[Round "3.4"]
[White "Nguyen, Piotr"]
[Black "Wiech, Grzegorz"]
[Result "1-0"]
[WhiteElo "2393"]
[BlackElo "2238"]
[Annotator "ChessBase"]
[PlyCount "51"]
[EventDate "2018.11.12"]
[EventCountry "POL"]
[SourceTitle "playchess.com"]
[Source "ChessBase"]
[SourceQuality "1"]

1. d4 c5 2. d5 e6 3. e4 exd5 4. exd5 d6 5. Bb5+ Nd7 6. a4 Ngf6 7. Nf3 Be7 8. O-O a6 9. Be2 Nf8 10. h3 Ng6 11. Nc3 O-O 12. Nd2 Nd7 13. Nc4 Nb6 14. Ne3 Bd7 15. f4 Bf6 16. f5 Bxc3 17. fxg6 Bd4 18. gxh7+ Kxh7 19. c3 Bxe3+ 20. Bxe3 Qe7 21. Bd3+ Kg8 22. Re1 Nxd5 23. Qh5 Nf6 24. Qh4 Rfe8 25. Bg5 Qd8 26. Bxf6 1-0

[Event "67th Warsaw-ch A 2018"]
[Site "Warsaw"]
[Date "2018.11.14"]
[Round "3.5"]
[White "Rozycki, Bartlomiej"]
[Black "Maj, Pawel"]
[Result "1-0"]
[WhiteElo "2138"]
[BlackElo "2064"]
[Annotator "ChessBase"]
[PlyCount "63"]
[EventDate "2018.11.12"]
[EventCountry "POL"]
[SourceTitle "playchess.com"]
[Source "ChessBase"]
[SourceQuality "1"]

1. d4 Nf6 2. c4 g6 3. Nc3 Bg7 4. e4 d6 5. Bd3 O-O 6. Nge2 c5 7. d5 e6 8. O-O exd5 9. exd5 Na6 10. Ng3 Ng4 11. Be2 h5 12. Nce4 f5 13. Ng5 Nc7 14. a4 h4 15. Nh1 Bf6 16. Ne4 Be5 17. Bxg4 fxe4 18. Re1 Qf6 19. Rxe4 Bd4 20. Rf4 Bf5 21. Bxf5 gxf5 22. Qh5 Rae8 23. Bd2 Re4 24. Re1 Rxe1+ 25. Bxe1 Rf7 26. Rxh4 Bxb2 27. Ng3 Qe5 28. Bd2 Ne8 29. Qg6+ Ng7 30. Qh7+ Kf8 31. Qh8+ Ke7 32. Bg5+ 1-0

[Event "67th Warsaw-ch A 2018"]
[Site "Warsaw"]
[Date "2018.11.14"]
[Round "3.6"]
[White "Choroszej, Aleksander"]
[Black "Kokoszczynski, Jan"]
[Result "1/2-1/2"]
[WhiteElo "2055"]
[BlackElo "2245"]
[Annotator "ChessBase"]
[PlyCount "78"]
[EventDate "2018.11.12"]
[EventCountry "POL"]
[SourceTitle "playchess.com"]
[Source "ChessBase"]
[SourceQuality "1"]

1. d4 Nf6 2. c4 e6 3. Nc3 Bb4 4. f3 c5 5. d5 d6 6. e4 O-O 7. Bg5 a6 8. Bd3 Nbd7 9. dxe6 fxe6 10. Nge2 h6 11. Bh4 b5 12. O-O Ne5 13. b3 Qa5 14. Be1 Qb6 15. a3 bxc4 16. Bxc4 Ba5 17. Nd5 Nxd5 18. Bxa5 Qxa5 19. exd5 Nxc4 20. bxc4 Rb8 21. Ng3 e5 22. Ne4 Rb6 23. Qe2 Bd7 24. Rab1 Bf5 25. Rxb6 Qxb6 26. Qe3 Bxe4 27. Qxe4 Qb2 28. Rb1 Qxa3 29. Qg6 Qe3+ 30. Kh1 e4 31. fxe4 Qf4 32. h3 Qe5 33. Kg1 Qd4+ 34. Kh2 Qe5+ 35. Kg1 a5 36. Rb6 Qa1+ 37. Kh2 Qe5+ 38. Kg1 Qd4+ 39. Kh2 Qe5+ 1/2-1/2

[Event "67th Warsaw-ch A 2018"]
[Site "Warsaw"]
[Date "2018.11.14"]
[Round "3.7"]
[White "Golecki, Jan"]
[Black "Mickiewicz, Piotr"]
[Result "0-1"]
[WhiteElo "2029"]
[BlackElo "2243"]
[Annotator "ChessBase"]
[PlyCount "121"]
[EventDate "2018.11.12"]
[EventCountry "POL"]
[SourceTitle "playchess.com"]
[Source "ChessBase"]
[SourceQuality "1"]

1. e4 c5 2. Nf3 Nc6 3. Bb5 g6 4. Bxc6 dxc6 5. d3 Bg7 6. Nc3 Nf6 7. Be3 b6 8. h3 Nd7 9. Qd2 h6 10. O-O e5 11. Nh2 Nf8 12. f4 exf4 13. Rxf4 Ne6 14. Rf2 Nd4 15. Raf1 Be6 16. Ng4 f5 17. Nxh6 Qh4 18. exf5 gxf5 19. Nxf5 Nxf5 20. Rxf5 Bxf5 21. Rxf5 O-O-O 22. Ne4 Rhf8 23. Bg5 Qh7 24. Rxf8 Rxf8 25. b4 Bd4+ 26. Kh2 cxb4 27. Qxb4 Be5+ 28. g3 c5 29. Qc4 Qc7 30. Kg2 Qc6 31. Be7 Re8 32. Bg5 Bd4 33. Kf3 Rf8+ 34. Ke2 Kb7 35. Be7 Rh8 36. h4 Ka8 37. Qf7 c4 38. Qxc4 Qd7 39. Bf6 Bxf6 40. Nxf6 Qd6 41. Qd5+ Qxd5 42. Nxd5 Kb7 43. Nf4 Kc6 44. h5 Kd6 45. d4 b5 46. g4 b4 47. g5 Rc8 48. Kd3 Rc3+ 49. Ke4 Rxc2 50. g6 Ke7 51. Nd5+ Kf8 52. h6 Rg2 53. g7+ Kf7 54. Ne7 Re2+ 55. Kd5 Rxe7 56. Kc5 a5 57. d5 Re2 58. Kc4 Rxa2 59. Kd3 Rh2 60. d6 Rxh6 61. Ke4 0-1

[Event "67th Warsaw-ch A 2018"]
[Site "Warsaw"]
[Date "2018.11.14"]
[Round "3.8"]
[White "Liberadzki, Slawomir"]
[Black "Sanz Wawer, Daniel"]
[Result "1/2-1/2"]
[WhiteElo "1959"]
[BlackElo "2192"]
[Annotator "ChessBase"]
[PlyCount "86"]
[EventDate "2018.11.12"]
[EventCountry "POL"]
[SourceTitle "playchess.com"]
[Source "ChessBase"]
[SourceQuality "1"]

1. c4 c6 2. Nf3 d5 3. b3 Nf6 4. Bb2 Bf5 5. g3 e6 6. Bg2 Be7 7. O-O O-O 8. d3 a5 9. Nbd2 a4 10. Re1 Bg6 11. e4 Na6 12. Ne5 axb3 13. Nxg6 hxg6 14. e5 Nd7 15. cxd5 cxd5 16. Nxb3 Nb4 17. a3 Nc6 18. Bf1 Nb6 19. Nd4 Na4 20. Qb3 Nxb2 21. Qxb2 Nxd4 22. Qxd4 Bxa3 23. Rab1 Qa5 24. Qb6 Qxb6 25. Rxb6 Bc5 26. Rxb7 Ra2 27. Re2 Rxe2 28. Bxe2 Bd4 29. Kg2 Bxe5 30. f4 Bd6 31. Rd7 Bc5 32. Rc7 Bd4 33. h4 Rb8 34. Kf3 Kf8 35. Bd1 Bb6 36. Rd7 Ba5 37. Ra7 Be1 38. Ba4 Kg8 39. Bc6 Kf8 40. Ra8 Rxa8 41. Bxa8 Ke7 42. Bc6 f6 43. Bb5 e5 1/2-1/2

[Event "67th Warsaw-ch A 2018"]
[Site "Warsaw"]
[Date "2018.11.14"]
[Round "3.9"]
[White "Podgorski, Maciej"]
[Black "Praczukowski, Stanislaw"]
[Result "0-1"]
[WhiteElo "1835"]
[BlackElo "2140"]
[Annotator "ChessBase"]
[PlyCount "52"]
[EventDate "2018.11.12"]
[EventCountry "POL"]
[SourceTitle "playchess.com"]
[Source "ChessBase"]
[SourceQuality "1"]

1. e4 c5 2. Nf3 d6 3. d4 cxd4 4. Nxd4 Nf6 5. Nc3 a6 6. Be2 e5 7. Nb3 Be7 8. Be3 O-O 9. g4 Be6 10. g5 Nfd7 11. Qd2 Nb6 12. Nd5 Bxd5 13. exd5 N8d7 14. O-O-O Qc7 15. h4 Rfc8 16. Kb1 a5 17. Nxa5 Nxd5 18. Nb3 Nb4 19. Qxb4 Qxc2+ 20. Ka1 Qxe2 21. Qxb7 Rcb8 22. Qd5 Qa6 23. a3 Rb5 24. Qc4 Qb7 25. Ka2 d5 26. Qc2 Rc8 0-1

[Event "67th Warsaw-ch A 2018"]
[Site "Warsaw"]
[Date "2018.11.14"]
[Round "3.10"]
[White "Zelak, Wladyslaw"]
[Black "Malec, Sebastian"]
[Result "1-0"]
[WhiteElo "1815"]
[BlackElo "2132"]
[Annotator "ChessBase"]
[PlyCount "60"]
[EventDate "2018.11.12"]
[EventCountry "POL"]
[SourceTitle "playchess.com"]
[Source "ChessBase"]
[SourceQuality "1"]

1. e4 c5 2. Nf3 Nc6 3. d4 cxd4 4. Nxd4 Nf6 5. Nc3 d6 6. f3 e5 7. Nb3 Be7 8. Be3 O-O 9. Qd2 Na5 10. Nd5 Nxd5 11. exd5 b6 12. Nxa5 bxa5 13. Be2 f5 14. c4 Kh8 15. O-O f4 16. Bf2 Bh4 17. Bxh4 Qxh4 18. Qxa5 Rf5 19. Qb5 Qd8 20. c5 Rh5 21. cxd6 Bd7 22. Qb7 Rb8 23. Qc7 Qe8 24. Qxa7 Rxb2 25. Rab1 Rc2 26. Rb8 Rc8 27. Rxc8 Bxc8 28. Qe7 Bd7 29. Rb1 Kg8 30. Rb7 Qxe7 1-0

[Event "67th Warsaw-ch A 2018"]
[Site "Warsaw"]
[Date "2018.11.14"]
[Round "3.11"]
[White "Goslawski, Michal"]
[Black "Grochulski, Grzegorz"]
[Result "1-0"]
[WhiteElo "2099"]
[BlackElo "1996"]
[Annotator "NA"]
[PlyCount "107"]
[EventDate "2018.11.12"]
[EventCountry "POL"]
[SourceTitle "playchess.com"]
[Source "ChessBase"]
[SourceQuality "1"]

1. Nf3 Nf6 2. c4 b6 3. g3 Bb7 4. Bg2 g6 5. O-O Bg7 6. Nc3 O-O 7. d4 Ne4 8. Qc2 Nxc3 9. bxc3 d6 10. Rd1 Nd7 11. a4 a5 12. Ba3 Nf6 13. Ne1 Bxg2 14. Kxg2 Qe8 15. Nf3 Qc6 16. Qb3 Rfe8 17. Qb5 Qe4 18. Kf1 e5 19. Ra2 g5 20. Kg1 g4 21. Nh4 Bh6 22. Qb1 Bg5 23. Nf5 h5 24. Qxe4 Nxe4 25. Rc2 Kh7 26. Bc1 Kg6 27. Bxg5 Kxg5 28. Ne3 f5 29. Nd5 Rac8 30. f3 Nf6 31. dxe5 dxe5 32. Kf2 Re6 33. c5 Nd7 34. f4+ exf4 35. Nxf4 Re7 36. cxb6 cxb6 37. Rd6 Ne5 38. Rxb6 Rc6 39. Rxc6 Nxc6 40. Rd2 Re4 41. Rd6 Ne7 42. Ne6+ Kf6 43. Nc5+ Ke5 44. Nxe4 fxe4 45. Ra6 Kd5 46. Rxa5+ Kc4 47. Re5 Nc6 48. Rxe4+ Kxc3 49. Re8 Kb4 50. Re6 Na5 51. Re4+ Kc3 52. Re5 Nb7 53. a5 Kd4 54. a6 1-0

[Event "67th Warsaw-ch A 2018"]
[Site "Warsaw"]
[Date "2018.11.14"]
[Round "3.12"]
[White "Maciaga, Marcin"]
[Black "Spicak, Krzysztof"]
[Result "1-0"]
[WhiteElo "2164"]
[BlackElo "1940"]
[Annotator "ChessBase"]
[PlyCount "77"]
[EventDate "2018.11.12"]
[EventCountry "POL"]
[SourceTitle "playchess.com"]
[Source "ChessBase"]
[SourceQuality "1"]

1. c4 Nf6 2. g3 g6 3. Bg2 Bg7 4. Nf3 O-O 5. O-O d5 6. cxd5 Nxd5 7. d4 Nb6 8. Nc3 c6 9. e3 Bg4 10. h3 Be6 11. Qc2 a5 12. Rd1 Qc8 13. Ng5 Bd7 14. Qb3 Qc7 15. e4 h6 16. Nf3 Nc8 17. Bf4 Qb6 18. Qc2 g5 19. Na4 Qd8 20. Be5 Na6 21. Bxg7 Kxg7 22. d5 Qc7 23. Rac1 cxd5 24. Qd2 Qd6 25. Qc3+ Kg8 26. Rxd5 Qxd5 27. exd5 Bxa4 28. Qxa5 Bd7 29. Ne5 Bf5 30. g4 Bh7 31. h4 Nd6 32. hxg5 hxg5 33. Qd2 f6 34. Nd7 Rfc8 35. Re1 Re8 36. Re6 Rad8 37. Rxd6 exd6 38. Nxf6+ Kg7 39. Qxg5+ 1-0

[Event "67th Warsaw-ch A 2018"]
[Site "Warsaw"]
[Date "2018.11.14"]
[Round "3.13"]
[White "Pietruszewski, Marcin"]
[Black "Trybus, Daniel"]
[Result "1-0"]
[WhiteElo "2242"]
[BlackElo "1860"]
[Annotator "ChessBase"]
[PlyCount "51"]
[EventDate "2018.11.12"]
[EventCountry "POL"]
[SourceTitle "playchess.com"]
[Source "ChessBase"]
[SourceQuality "1"]

1. e4 c5 2. Nf3 Nf6 3. Nc3 Nc6 4. d4 d5 5. exd5 Nxd5 6. Nxd5 Qxd5 7. Be3 cxd4 8. Nxd4 Nxd4 9. Qxd4 Qxd4 10. Bxd4 f6 11. f4 Bf5 12. O-O-O e6 13. Bd3 Bd6 14. g3 Bg4 15. Rd2 Kf7 16. Be4 Rhf8 17. h3 Bh5 18. Re1 Bg6 19. Bf3 a5 20. Bb6 Be7 21. Rd7 Rfc8 22. c3 Rc4 23. Bd5 exd5 24. Rexe7+ Kf8 25. Rxg7 Re8 26. f5 1-0

[Event "67th Warsaw-ch A 2018"]
[Site "Warsaw"]
[Date "2018.11.14"]
[Round "3.14"]
[White "Misiuk, Andrzej"]
[Black "Pietrzak, Wojciech"]
[Result "0-1"]
[WhiteElo "2215"]
[BlackElo "1802"]
[Annotator "ChessBase"]
[PlyCount "24"]
[EventDate "2018.11.12"]
[EventCountry "POL"]
[SourceTitle "playchess.com"]
[Source "ChessBase"]
[SourceQuality "1"]

1. c4 Nf6 2. Nc3 e6 3. g3 d5 4. cxd5 exd5 5. Bg2 c6 6. d4 Be7 7. Nf3 O-O 8. Rf1 Re8 9. e3 c5 10. Qb3 Nc6 11. Ne5 cxd4 12. Nxc6 dxc3 0-1

[Event "67th Warsaw-ch A 2018"]
[Site "Warsaw"]
[Date "2018.11.14"]
[Round "3.15"]
[White "Majek, Kacper"]
[Black "Dwilewicz, Katarzyna"]
[Result "1/2-1/2"]
[WhiteElo "2052"]
[BlackElo "2070"]
[Annotator "NA"]
[PlyCount "122"]
[EventDate "2018.11.12"]
[EventCountry "POL"]
[SourceTitle "playchess.com"]
[Source "ChessBase"]
[SourceQuality "1"]

1. d4 Nf6 2. c4 e6 3. Nf3 d5 4. g3 Be7 5. Bg2 O-O 6. O-O dxc4 7. Qc2 b6 8. Nbd2 Bb7 9. Nxc4 c5 10. dxc5 Bxc5 11. a3 Nbd7 12. b4 Be7 13. Ne3 Rc8 14. Qa4 Bc6 15. Qb3 Qc7 16. Bb2 Qb7 17. Rac1 Be4 18. Nd4 Bxg2 19. Nxg2 Ne4 20. Rfd1 Ndf6 21. f3 Ng5 22. h4 Nh3+ 23. Kh2 Nf2 24. Rf1 Rxc1 25. Bxc1 Qd7 26. Be3 e5 27. Bxf2 exd4 28. Rd1 Qb5 29. Qd3 Qa4 30. Bxd4 Rd8 31. Ne3 a5 32. Qc2 Qxc2 33. Nxc2 Rc8 34. Rd2 axb4 35. axb4 b5 36. Bxf6 gxf6 37. Nd4 Bxb4 38. Rd3 Re8 39. Kh3 Be1 40. Nxb5 Rxe2 41. Rd8+ Kg7 42. Nd6 h5 43. Nf5+ Kg6 44. g4 Rf2 45. Rg8+ Kh7 46. Rg7+ Kh8 47. Rxf7 Rxf3+ 48. Kg2 hxg4 49. Rxf6 Bxh4 50. Rh6+ Kg8 51. Nxh4 Rf4 52. Kg3 Rb4 53. Nf5 Kf7 54. Rc6 Ra4 55. Kh4 Rb4 56. Kg5 Ra4 57. Rf6+ Ke8 58. Rd6 Kf7 59. Rf6+ Ke8 60. Re6+ Kd7 61. Kf6 Rc4 1/2-1/2

[Event "67th Warsaw-ch A 2018"]
[Site "Warsaw"]
[Date "2018.11.15"]
[Round "4"]
[White "Jakubowski, Krzysztof"]
[Black "Zelak, Wladyslaw"]
[Result "1-0"]
[WhiteElo "2510"]
[BlackElo "1815"]
[Annotator "RC"]
[PlyCount "70"]
[EventDate "2018.11.12"]
[EventCountry "POL"]
[SourceTitle "playchess.com"]
[Source "ChessBase"]
[SourceQuality "1"]

1. d4 Nf6 2. c4 g6 3. Nc3 Bg7 4. e4 d6 5. f3 O-O 6. Nge2 Nc6 7. Be3 a6 8. Qd2 Rb8 9. Rc1 Bd7 10. Nd1 b5 11. c5 e6 12. Nf2 Re8 13. g4 dxc5 14. Rxc5 Bf8 15. Rc1 Bb4 16. Nc3 Ba5 17. e5 b4 18. Bg5 bxc3 19. bxc3 Qe7 20. Bxf6 Qa3 21. Nd1 Nxd4 22. Qxd4 Qxc1 23. Qxd7 Bxc3+ 24. Kf2 Bxe5 25. Bxe5 Rbd8 26. Qa4 Qc5+ 27. Kg2 Qxe5 28. Nf2 h5 29. Bxa6 hxg4 30. fxg4 f5 31. Bb7 Qe3 32. h4 e5 33. h5 e4 34. hxg6 Qf3+ 35. Kf1 Re6 1-0

[Event "67th Warsaw-ch A 2018"]
[Site "Warsaw"]
[Date "2018.11.15"]
[Round "4"]
[White "Deszczynski, Adam"]
[Black "Goslawski, Michal"]
[Result "1/2-1/2"]
[WhiteElo "2315"]
[BlackElo "2099"]
[Annotator "ChessBase"]
[PlyCount "86"]
[EventDate "2018.11.12"]
[EventCountry "POL"]
[SourceTitle "playchess.com"]
[Source "ChessBase"]
[SourceQuality "1"]

1. e4 e5 2. Bc4 Nf6 3. d3 c6 4. Nf3 d5 5. Bb3 Bd6 6. Nc3 dxe4 7. Ng5 O-O 8. Ncxe4 Nxe4 9. Nxe4 Bf5 10. Qf3 Bxe4 11. dxe4 Nd7 12. c3 a5 13. O-O a4 14. Bc2 Nc5 15. Be3 Qe7 16. Rfd1 b5 17. Rd2 Rad8 18. b3 axb3 19. axb3 b4 20. cxb4 Ne6 21. Ra6 Rc8 22. Ra7 Rc7 23. Rxc7 Bxc7 24. Bd3 Qxb4 25. Bc4 Qe7 26. Qd1 Rd8 27. Bxe6 Rxd2 28. Bxf7+ Qxf7 29. Bxd2 Bb6 30. Qf3 Qe6 31. g3 Bd4 32. Kg2 h6 33. Qd3 Qf6 34. Qf3 Qe6 35. h4 c5 36. Qd3 Qf6 37. f3 Kh7 38. Qc4 Qb6 39. h5 Qa7 40. Qa4 Qb6 41. g4 Qd8 42. Qc6 Qh4 43. Qg6+ Kh8 1/2-1/2

[Event "67th Warsaw-ch A 2018"]
[Site "Warsaw"]
[Date "2018.11.15"]
[Round "4"]
[White "Kowalski, Igor"]
[Black "Heberla, Bartlomiej"]
[Result "1/2-1/2"]
[WhiteElo "2293"]
[BlackElo "2546"]
[Annotator "ChessBase"]
[PlyCount "64"]
[EventDate "2018.11.12"]
[EventCountry "POL"]
[SourceTitle "playchess.com"]
[Source "ChessBase"]
[SourceQuality "1"]

1. d4 d5 2. c4 e6 3. Nc3 Nf6 4. cxd5 exd5 5. Bg5 c6 6. e3 Be7 7. Bd3 Bg4 8. Qc2 Bh5 9. Nge2 Bg6 10. Ng3 Na6 11. a3 Nc7 12. Nf5 Bxf5 13. Bxf5 g6 14. Bd3 Ne6 15. Bh4 O-O 16. O-O Ng4 17. Bg3 Bd6 18. Be2 h5 19. Bxg4 hxg4 20. Bxd6 Qxd6 21. f3 gxf3 22. Rxf3 Rae8 23. Rg3 Kg7 24. Rf1 f5 25. Ne2 Rf6 26. h4 Rh8 27. Rh3 f4 28. Qc1 Rhf8 29. Rhf3 fxe3 30. Rxf6 Rxf6 31. Rxf6 Kxf6 32. Qxe3 c5 1/2-1/2

[Event "67th Warsaw-ch A 2018"]
[Site "Warsaw"]
[Date "2018.11.15"]
[Round "4"]
[White "Kokoszczynski, Jan"]
[Black "Maciaga, Marcin"]
[Result "1-0"]
[WhiteElo "2245"]
[BlackElo "2164"]
[Annotator "ChessBase"]
[PlyCount "103"]
[EventDate "2018.11.12"]
[EventCountry "POL"]
[SourceTitle "playchess.com"]
[Source "ChessBase"]
[SourceQuality "1"]

1. d4 Nf6 2. c4 g6 3. Nc3 d5 4. cxd5 Nxd5 5. e4 Nxc3 6. bxc3 Bg7 7. Qa4+ Qd7 8. Qb3 O-O 9. Nf3 c5 10. d5 e6 11. Be3 exd5 12. exd5 Qc7 13. Be2 c4 14. Qa3 Rd8 15. Rd1 Bf5 16. O-O Be4 17. d6 Qc6 18. Nd4 Qd5 19. Qa4 Nc6 20. Bxc4 Qa5 21. Qb3 Ne5 22. Nb5 Bc6 23. Nc7 Ba4 24. Qxb7 Rab8 25. Qa6 Qxa6 26. Bxa6 Bxd1 27. Rxd1 Bf8 28. Bc5 Nd7 29. Bxa7 Rb2 30. g3 Rxa2 31. Be3 Nb8 32. Bc4 Rc2 33. Nb5 Nc6 34. Bb6 Rb8 35. Bc7 Rb7 36. Bd5 Bxd6 37. Bxd6 Rxb5 38. Bxc6 Rb6 39. Be5 f6 40. Bd5+ Kg7 41. Bd4 Rbb2 42. c4 Rd2 43. Rxd2 Rxd2 44. Be3 Rc2 45. c5 f5 46. c6 Kf6 47. h4 Ke5 48. Bf3 Rc3 49. Kg2 Rc2 50. Bf4+ Ke6 51. c7 h6 52. Bb7 1-0

[Event "67th Warsaw-ch A 2018"]
[Site "Warsaw"]
[Date "2018.11.15"]
[Round "4"]
[White "Mickiewicz, Piotr"]
[Black "Sliwerski, Radoslaw"]
[Result "1-0"]
[WhiteElo "2243"]
[BlackElo "1999"]
[Annotator "ChessBase"]
[PlyCount "91"]
[EventDate "2018.11.12"]
[EventCountry "POL"]
[SourceTitle "playchess.com"]
[Source "ChessBase"]
[SourceQuality "1"]

1. Nf3 d5 2. b3 e6 3. Bb2 Nf6 4. c4 Be7 5. g3 O-O 6. Bg2 c5 7. O-O d4 8. e3 Nc6 9. exd4 cxd4 10. Re1 Re8 11. a3 a5 12. d3 Bc5 13. Nbd2 e5 14. Ng5 Bg4 15. Bf3 Bxf3 16. Qxf3 Qd7 17. Nde4 Nxe4 18. Nxe4 Bf8 19. g4 Nd8 20. Bc1 Ne6 21. Bd2 Nc5 22. Nxc5 Bxc5 23. b4 Bd6 24. bxa5 Bc7 25. Rab1 Qc6 26. Kg2 Bxa5 27. Bxa5 Rxa5 28. Rxb7 Qxf3+ 29. Kxf3 f5 30. gxf5 Rxa3 31. Rg1 g6 32. Ke4 Ra2 33. fxg6 h6 34. Rgb1 Rxf2 35. Rb8 Re2+ 36. Kd5 Rxb8 37. Rxb8+ Kg7 38. c5 Rxh2 39. Kxe5 Rc2 40. Kxd4 Kxg6 41. Kd5 h5 42. c6 h4 43. Rh8 Kg5 44. d4 Kg4 45. Kd6 h3 46. c7 1-0

[Event "67th Warsaw-ch A 2018"]
[Site "Warsaw"]
[Date "2018.11.15"]
[Round "4"]
[White "Wiech, Grzegorz"]
[Black "Maj, Pawel"]
[Result "0-1"]
[WhiteElo "2238"]
[BlackElo "2064"]
[Annotator "ChessBase"]
[PlyCount "82"]
[EventDate "2018.11.12"]
[EventCountry "POL"]
[SourceTitle "playchess.com"]
[Source "ChessBase"]
[SourceQuality "1"]

1. e4 c5 2. Nf3 d6 3. d4 cxd4 4. Nxd4 Nf6 5. Nc3 a6 6. Bg5 Nbd7 7. Qe2 h6 8. Bh4 b5 9. f4 e5 10. Nc6 Qc7 11. Nb4 Bb7 12. O-O-O exf4 13. Bxf6 Nxf6 14. Nbd5 Bxd5 15. Nxd5 Nxd5 16. exd5+ Be7 17. Re1 Kf8 18. Qe4 Bf6 19. Bd3 Be5 20. h4 h5 21. Kb1 g6 22. Qf3 Kg7 23. Rhf1 Rhf8 24. Re2 Rab8 25. c3 a5 26. Re4 f5 27. Re2 Qd8 28. Rh1 Rf7 29. Rc2 Qf6 30. Re2 Rc7 31. Rc2 Rc5 32. Rd2 Re8 33. Be2 b4 34. c4 a4 35. Bd3 a3 36. b3 Rc7 37. Re2 Rce7 38. Qf2 Bd4 39. Rxe7+ Rxe7 40. Qc2 Re3 41. Be2 Rc3 0-1

[Event "67th Warsaw-ch A 2018"]
[Site "Warsaw"]
[Date "2018.11.15"]
[Round "4"]
[White "Sanz Wawer, Daniel"]
[Black "Choroszej, Aleksander"]
[Result "1/2-1/2"]
[WhiteElo "2192"]
[BlackElo "2055"]
[Annotator "ChessBase"]
[PlyCount "69"]
[EventDate "2018.11.12"]
[EventCountry "POL"]
[SourceTitle "playchess.com"]
[Source "ChessBase"]
[SourceQuality "1"]

1. d4 g6 2. c4 Bg7 3. e4 d6 4. Nc3 Nf6 5. f3 O-O 6. Nge2 c5 7. d5 e6 8. Ng3 exd5 9. cxd5 a6 10. a4 Nbd7 11. Be2 Ne8 12. O-O Rb8 13. Be3 Nc7 14. Kh1 b5 15. Qd2 bxa4 16. Bg5 Bf6 17. Bxf6 Qxf6 18. f4 Qg7 19. Rxa4 Nb5 20. Nxb5 axb5 21. Ra7 c4 22. Rc7 Nc5 23. f5 Nd7 24. Qe3 Qxb2 25. Bg4 Nf6 26. Bh3 Ra8 27. Qb6 Ra1 28. Qg1 Rxf1 29. Qxf1 c3 30. e5 Nxd5 31. Rxc8 Rxc8 32. fxg6 hxg6 33. Bxc8 Ne3 34. Qg1 Qd2 35. exd6 1/2-1/2

[Event "67th Warsaw-ch A 2018"]
[Site "Warsaw"]
[Date "2018.11.15"]
[Round "4"]
[White "Praczukowski, Stanislaw"]
[Black "Jarmula, Lukasz"]
[Result "0-1"]
[WhiteElo "2140"]
[BlackElo "2492"]
[Annotator "RC"]
[PlyCount "48"]
[EventDate "2018.11.12"]
[EventCountry "POL"]
[SourceTitle "playchess.com"]
[Source "ChessBase"]
[SourceQuality "1"]

1. d4 Nf6 2. c4 e6 3. g3 c5 4. d5 exd5 5. cxd5 d6 6. Nc3 g6 7. Bg2 Bg7 8. Nf3 O-O 9. O-O Na6 10. Nd2 Nc7 11. a4 b6 12. e4 Re8 13. Re1 Rb8 14. h3 Bb7 15. Nc4 Ba6 16. Nxd6 Qxd6 17. e5 Qd7 18. d6 Ncd5 19. Bxd5 Nxd5 20. Nxd5 Bb7 21. Ne7+ Rxe7 22. dxe7 Qxh3 23. Qd8+ Rxd8 24. exd8=B Qg2# 0-1

[Event "67th Warsaw-ch A 2018"]
[Site "Warsaw"]
[Date "2018.11.15"]
[Round "4"]
[White "Rozycki, Bartlomiej"]
[Black "Nguyen, Piotr"]
[Result "1/2-1/2"]
[WhiteElo "2138"]
[BlackElo "2393"]
[Annotator "ChessBase"]
[PlyCount "106"]
[EventDate "2018.11.12"]
[EventCountry "POL"]
[SourceTitle "playchess.com"]
[Source "ChessBase"]
[SourceQuality "1"]

1. e4 g6 2. d4 Bg7 3. Nf3 d6 4. Bc4 Nf6 5. Nc3 O-O 6. e5 dxe5 7. Nxe5 Nbd7 8. O-O c6 9. Re1 Nb6 10. Bb3 a5 11. a4 Nbd5 12. Bg5 Be6 13. Nxd5 Bxd5 14. c3 Qc7 15. Bxf6 Bxb3 16. Qxb3 Bxf6 17. Nd3 Rfd8 18. Qc4 Rd5 19. g3 Rad8 20. Re3 Rh5 21. Rae1 Qc8 22. Nf4 Rf5 23. Re4 Kg7 24. h4 b5 25. axb5 cxb5 26. Qxc8 Rxc8 27. g4 Rxf4 28. Rxf4 h6 29. h5 Rc4 30. Rf3 a4 31. Rd3 b4 32. Ra1 a3 33. bxa3 bxc3 34. Rc1 Bxd4 35. Rc2 e5 36. hxg6 Kxg6 37. Kg2 Ra4 38. Ra2 f5 39. gxf5+ Kxf5 40. Rd1 Ke4 41. Kf1 Kd5 42. Ke2 Kc4 43. Rb1 Bc5 44. Rb7 Rxa3 45. Rxa3 Bxa3 46. Kd1 Bc5 47. Kc2 Bxf2 48. Rc7+ Kd4 49. Rxc3 h5 50. Rd3+ Ke4 51. Kd2 Kf4 52. Ke2 Bd4 53. Kf1 Bc5 1/2-1/2